Prones nouveaux en forme d'homélies, ou explication courte et familières de l' évangile, de tous les dimanches de l' année

Detalles Bibliográficos
Autor principal: REYRE (Abad)
Formato: Libro
Publicado: Aviñón 1829
Materias:
Colección:Banco de datos
Acervo:Biblioteca Nacional de Antropología e Historia. Fondo Conventual
Descripción Física:t.I.
Tema general:Homilética
Notas:Buena. XVII, 8, 21.
LEADER 00731nam a22002050004500
035 |a 7301 
036 |a 1906 
100 1 |a REYRE (Abad) 
245 1 0 |a Prones nouveaux en forme d'homélies, ou explication courte et familières de l' évangile, de tous les dimanches de l' année 
260 |a Aviñón  |b Ét. Chaillot Ainé  |c 1829 
300 |a t.I. 
500 |a Buena. XVII, 8, 21. 
650 1 0 |a Homilética 
949 |a B.N.A.H. 
959 |a Biblioteca Nacional de Antropología e Historia. Ciudad de México  |b CCC1 
960 |a Seminario de Morelia  |b DD56 
961 |a Casa de formación del Clero Secular  |b CS 
942 |c B.N.A.H. 
943 |g Biblioteca Nacional de Antropología e Historia. Fondo Conventual 
999 |c 1031833  |d 1031833